01704cam a2200265 a 4500003000900000005001700009008004100026040002800067041000800095100003400103245025200137246019500389260005300584300004400637502010200681520041100783530002201194653001901216653002701235653002001262700003601282700004701318700004001365856003301405EG-GiCUC20250223030916.0131218s2013 ua dh f m 000 0 eng d aEG-GiCUCbengcEG-GiCUC0 aeng0 aAhmed Mohamed Mahmoud Ibrahim10aValidity of a new scoring system using transvaginal ultrasonography and color doppler flow imaging in evaluation of adnexal masses / cAhmed Mohamed Mahmoud Ibrahim ; Supervised Mohamed Hany Shehata , Dalal Anwar Elwy , Hazem Salah Eldin Elashmawy15aصلاحية نظام التقييم الجديد لتورمات ملحقات الرحم باستخدام الموجات فوق الصوتية المهبلية و الدوبلر الملون aCairo : bAhmed Mohamed Mahmoud Ibrahim , c2013 a165 P. : bcharts , facsimiles ; c25cm aThesis (Ph.D.) - Cairo University - Faculty of Medicine - Department of Gynecology and Obstetrics aAdnexal masses are considered a group of the most common diseases in gynecology. Ovarian tumors, alone, represent two thirds of these cases. 2D ultrasound and CA 125 separately were the main diagnostic tools in provisional diagnosis of these adnexal masses. Now, morphological scoring systems can help in accurately predicting the nature of the mass with the help of pulsed wave doppler and ultrasonography aIssued also as CD 4aAdnexal masses 4aAlcazar scoring system 4aUltrasonography0 aDalal Anwar Elwy , eSupervisor0 aHazem Salah Eldin Elashmawy , eSupervisor0 aMohamed Hany Shehata , eSupervisor uhttp://172.23.153.220/th.pdf